| 000 | 04090cam a22013094i 4500 | ||
|---|---|---|---|
| 003 | PE-LiUPU | ||
| 005 | 20250813185632.0 | ||
| 008 | 150706s2008 pe rb 000 0 spa d | ||
| 020 | _a9789972385131 | ||
| 035 | _a(Sirsi) i9789972385131 | ||
| 040 |
_aPE-LiUPU _bspa _cPE-LiUPU _erda |
||
| 049 | _aPRUA | ||
| 082 | 0 | 4 |
_a303.482 _bA35 _221 |
| 100 | 1 |
_aAlcántar Salazar, Gerardo, _eautor. |
|
| 245 | 1 | 0 |
_aPerú frente a la globalización : _bla economía crece, las importaciones crecen, ¿por qué no hay chorreo? / _cGerardo Alcántara Salazar. |
| 250 | _a2a ed. | ||
| 264 | 1 |
_aLima : _bSan Marcos, _c2008. |
|
| 300 |
_a195 páginas ; _c20 cm, |
||
| 336 |
_atext _2rdacontent |
||
| 337 |
_aunmediated _2rdamedia |
||
| 338 |
_avolume _2rdacarrier |
||
| 504 | _aIncluye bibliografía. | ||
| 505 | 0 | _aFactor educación: preparándonos para la derrota -- ¿Cuán globalizados estamos los peruanos? -- Ruta de la globalización -- Rasgos claves de la economía de la globalización -- Información y educación en la Era de la globalización -- Perú en la antesala de la globalización -- Reto del Perú frente a la globalización. | |
| 526 | _aP202 | ||
| 526 | _aP201 | ||
| 526 | _aP163 | ||
| 526 | _aP162 | ||
| 526 | _aP161 | ||
| 526 | _aP160 | ||
| 526 | _aP148 | ||
| 526 | _aP147 | ||
| 526 | _aP146 | ||
| 526 | _aP145 | ||
| 526 | _aP144 | ||
| 526 | _aP143 | ||
| 526 | _aP142 | ||
| 526 | _aP141 | ||
| 526 | _aP140 | ||
| 526 | _aP139 | ||
| 526 | _aP138 | ||
| 526 | _aP137 | ||
| 526 | _aP136 | ||
| 526 | _aP135 | ||
| 526 | _aP134 | ||
| 526 | _aP133 | ||
| 526 | _aP129 | ||
| 526 | _aP128 | ||
| 526 | _aP127 | ||
| 526 | _aP120 | ||
| 526 | _aP119 | ||
| 526 | _aP118 | ||
| 526 | _aP116 | ||
| 526 | _aP115 | ||
| 526 | _aP114 | ||
| 526 | _aP110 | ||
| 526 | _aP109 | ||
| 526 | _aP108 | ||
| 526 | _aP104 | ||
| 526 | _aP103 | ||
| 526 | _aP102 | ||
| 526 | _aP99 | ||
| 526 | _aP98 | ||
| 526 | _aP97 | ||
| 526 | _aP96 | ||
| 526 | _aP95 | ||
| 526 | _aP93 | ||
| 526 | _aP90 | ||
| 526 | _aP89 | ||
| 526 | _aP88 | ||
| 526 | _aP83 | ||
| 526 | _aP82 | ||
| 526 | _aP62 | ||
| 526 | _aP59 | ||
| 526 | _aP58 | ||
| 526 | _aP57 | ||
| 526 | _aP51 | ||
| 526 | _aP49 | ||
| 526 | _aP48 | ||
| 526 | _aP47 | ||
| 526 | _aP29 | ||
| 526 | _aP24 | ||
| 526 | _aP20 | ||
| 526 | _aP19 | ||
| 526 | _aP17 | ||
| 526 | _aP15 | ||
| 526 | _aP14 | ||
| 526 | _aP12 | ||
| 526 | _aP10 | ||
| 526 | _aP09 | ||
| 526 | _aP08 | ||
| 526 | _aP07 | ||
| 526 | _aP06 | ||
| 526 | _aP05 | ||
| 526 | _aP04 | ||
| 526 | _aP01 | ||
| 541 | _g001-000063; | ||
| 541 | _g001-000063; | ||
| 541 | _g001-000063; | ||
| 650 | 0 | 4 |
_aGlobalización _xAspectos sociales _zPerú. |
| 650 | 0 | 4 | _aGlobalización en la economía. |
| 650 | 0 | 4 | _aGlobalización y cultura. |
| 910 |
_agl _cng _d20131007 |
||
| 942 |
_2ddc _cBOOK |
||
| 949 |
_a303.482 A35 _wDEWEY _c1 _i68540 _lCCODEBUL1 _mBUL _p10.00 _r0 _sY _tBOOK _u2015-7-6 _xFCE _PP04 _o.STAFF. Colección General |
||
| 949 |
_a303.482 A35 _wDEWEY _c2 _i68541 _lCCODEBUL1 _mBUL _p10.00 _r0 _sY _tBOOK _u2015-7-6 _xFCE _PP04 _o.STAFF. Colección General |
||
| 949 |
_a303.482 A35 _wDEWEY _c3 _i68542 _lCCODEBUL1 _mBUL _p15.00 _r0 _sY _tBOOK _u2015-7-6 _xFCE _PP04 _o.STAFF. Colección General |
||
| 994 |
_aC0 _bPEPRU |
||
| 596 | _a1 | ||
| 999 |
_a303.482 A35 _wDEWEY _c55896 _i68540 _d55896 _e2017-10-23 _f2019-12-11 _g6 _lDISCARD _mBUL _n4 _p10.00 _q1 _r1 _sY _tBOOK _u2015-7-6 _xFCE _PP04 _0COMPRA _o.STAFF. Colección General |
||
| 999 |
_a303.482 A35 _wDEWEY _c2 _i68541 _d2016-3-22 _e2016-3-15 _f2019-12-11 _g6 _lDISCARD _mBUL _n1 _p10.00 _r1 _sY _tBOOK _u2015-7-6 _xFCE _PP04 _0COMPRA _o.STAFF. Colección General |
||
| 999 |
_a303.482 A35 _wDEWEY _c3 _i68542 _f2021-11-4 _g6 _lCCODEBUL1 _mBUL _p15.00 _r0 _sY _tBOOK _u2015-7-6 _xBIBLIOTECA _PP04 _0COMPRA _o.STAFF. Colección General |
||
| 980 |
_81 _gALBERTO SANCHEZ Responsable de Automatización |
||